<?xml version="1.0" encoding="utf-8"?>
<?xml-stylesheet type='text/xsl' href='./oai2.xsl'?>
<OAI-PMH xmlns="http://www.openarchives.org/OAI/2.0/" xmlns:xsi="http://www.w3.org/2001/XMLSchema-instance" xsi:schemaLocation="http://www.openarchives.org/OAI/2.0/ http://www.openarchives.org/OAI/2.0/OAI-PMH.xsd">
  <responseDate>2026-06-05T15:28:28Z</responseDate>
  <request verb="GetRecord" metadataPrefix="marcxml" identifier="record_kuniweb_414298">https://kulturerbe.niedersachsen.de/oai</request>
  <GetRecord>
    <record>
      <header>
        <identifier>record_kuniweb_414298</identifier>
        <datestamp>2026-03-31T19:09:18Z</datestamp>
        <setSpec>slg0184</setSpec>
      </header>
      <metadata>
        <marc:record xmlns:marc="http://www.loc.gov/MARC21/slim" xsi:schemaLocation="http://www.loc.gov/MARC21/slim http://www.loc.gov/standards/marcxml/schema/MARC21slim.xsd">
          <marc:leader>12345nkm  22     uu 4500</marc:leader>
          <marc:controlfield tag="001">414298</marc:controlfield>
          <marc:controlfield tag="003">http://kuniweb.gbv.de</marc:controlfield>
          <marc:controlfield tag="005">2018-01-26T13:00:26</marc:controlfield>
          <marc:controlfield tag="008">|           ||||||||||||||||||||||</marc:controlfield>
          <marc:datafield tag="245" ind1="1" ind2="0">
            <marc:subfield code="a">Entwurf einer bischöflichen Residenz mit Kathedrale - Ansicht der Hauptfront</marc:subfield>
          </marc:datafield>
          <marc:datafield tag="720" ind1=" " ind2=" ">
            <marc:subfield code="a">Peter Joseph Krahe</marc:subfield>
          </marc:datafield>
          <marc:datafield tag="655" ind1=" " ind2="7">
            <marc:subfield code="a">Grafik</marc:subfield>
          </marc:datafield>
          <marc:datafield tag="046" ind1=" " ind2=" ">
            <marc:subfield code="k">1785</marc:subfield>
            <marc:subfield code="k">1785 (Italienaufentalt)</marc:subfield>
          </marc:datafield>
          <marc:datafield tag="260" ind1=" " ind2=" ">
            <marc:subfield code="g">1785</marc:subfield>
            <marc:subfield code="g">1785 (Italienaufentalt)</marc:subfield>
          </marc:datafield>
          <marc:datafield tag="300" ind1=" " ind2=" ">
            <marc:subfield code="a">Breite: 134,4 cm
Höhe: 49,4 cm</marc:subfield>
          </marc:datafield>
          <marc:datafield tag="520" ind1=" " ind2=" ">
            <marc:subfield code="a">In der Mitte eine dominierende Vorhalle in der ganzen Breite der Kathedrale: zwischen flankierenden, blockhaften Wangen mit Relieffriesen und aufgesetzten Denkmälern führen Freitreppen zu einem Portikus mit 2 korinthischen Säulen, dessen Fries die Inschrift: "SANCTISSIMO SALVATUR ET SS XII APOSTOLIS SACRUM" ziert, hinter dem mit figürlichen Darstellungen geschmückten Giebel erscheint die glatte, kastenartige Umkleidung der Schiffe als Attika, deren Abdeckprofil von der Giebelspitze erreicht wird. Figürliche Staffage auf den Freitreppen verdeutlicht die Abmessungen. Hinter der doppelten Säulenreihe eine tiefe Vorhalle, beherrscht von der riesigen Öffnung des Hauptportals. Auf beiden Seiten schließen dreigeschossige Flügel mit Wohnungen an, von ihren jeweils 19 Fensterachsen sind nur die mittleren durch eingeschnittene Portale betont, keine Eck- oder Mittelrisalite. Zweigeschossiger Fassadenaufbau: über profiliertem Sockel die rustizierte Wand des EGs mit eingeschnittenen Fenstern, abschließend mit einem Wogenband in der Höhe der Säulenhalle, daraufgestellt Fenster mit Ädikulen in einer glatten Wand, eingeschnittene Fenster im 2. OG mit vorspringenden Sohlbänken auf zwei Konsolen, umlaufendes Gebälk, im Fries Dekoration mit Festons und schmale Fenster eines Mezzaningeschosses, abschließend Konsolengesims und ungegliederte Attika. Maßstabsangaben. (Dorn, Bd. I, S. 238, Kat. 295; Städtisches Museum Braunschweig)

Stempel:
Krahe 238 (Roter Stempel und Tuschenummerierung oben rechts)

Aufschrift:
"Peter Krahe fecit Florentia 1785.", "Aufzug einer Cathedral Kirche und den Wohnungen für den Bischoff und Capitularen" (Beschriftung)

Beschrieben in:
R. Dorn, „Die Studienjahre Peter Joseph Krahes in Düsseldorf und Rom 1778 - 1786 : Untersuchungen des zeichnerischen Nachlasses und beschreibender Katalog. Peter Joseph Krahe / Leben und Werk ; Bd. 1“. Klinkhardt &amp; Biermann, Braunschweig, 1969. (S. 238/ 239, Kat. 295, Abb. 129, S. 356, Abb. 132 (Ausschnitt), S. 358 und Abb. 134 (Ausschnitt), S. 359)</marc:subfield>
          </marc:datafield>
          <marc:datafield tag="650" ind1="1" ind2=" ">
            <marc:subfield code="a">Graphik</marc:subfield>
          </marc:datafield>
          <marc:datafield tag="650" ind1="1" ind2=" ">
            <marc:subfield code="a">Grafik, Fotografie &gt; Zeichnung</marc:subfield>
          </marc:datafield>
          <marc:datafield tag="650" ind1="1" ind2=" ">
            <marc:subfield code="a">Zeichnung/Grafik</marc:subfield>
          </marc:datafield>
          <marc:datafield tag="773" ind1="0" ind2=" ">
            <marc:subfield code="t">Sammlung Grafik</marc:subfield>
          </marc:datafield>
          <marc:datafield tag="852" ind1=" " ind2=" ">
            <marc:subfield code="a">Städtisches Museum Braunschweig</marc:subfield>
          </marc:datafield>
          <marc:datafield tag="852" ind1=" " ind2=" ">
            <marc:subfield code="a">Italien</marc:subfield>
          </marc:datafield>
          <marc:datafield tag="" ind1=" " ind2=" ">
            <marc:subfield code="a">Namensnennung - Nicht kommerziell - Keine Bearbeitungen 4.0 International (CC BY-NC-ND 4.0)</marc:subfield>
          </marc:datafield>
        </marc:record>
      </metadata>
    </record>
  </GetRecord>
</OAI-PMH>
